[Event "Karlsruhe Grenke op"]
[Site "Karlsruhe"]
[Date "2024.03.30"]
[Round "4"]
[White "Erigaisi, Arjun Kumar"]
[Black "Stelmaszyk, Nico"]
[Result "1-0"]
[WhiteElo "2748"]
[BlackElo "2347"]
[PlyCount "47"]
[EventDate "2024.03.28"]
[EventType "swiss"]
[EventRounds "9"]
[EventCountry "GER"]
[SourceTitle "CB14_2024"]
[SourceDate "2024.04.01"]
[SourceVersion "1"]
[SourceVersionDate "2024.04.01"]
[SourceQuality "1"]

1. d4 d5 2. Nf3 Nf6 3. c3 c5 4. dxc5 e6 5. Be3 a5 6. c4 Nbd7 7. cxd5 Nxd5 8. Bd4 Nxc5 9. e3 Ne4 10. Bb5+ Bd7 11. Bxd7+ Qxd7 12. 0-0 f6 13. Nbd2 Nxd2 14. Nxd2 Bb4 15. e4 Ne7 16. Nc4 Ra6 17. a3 Bd6 18. Qh5+ g6 19. Qh6 Kf7 20. Rad1 Ng8 21. Qe3 Qc7 22. Nxd6+ Rxd6 23. Qf4 Qd7 24. Bxf6 1-0

[Event "Reykjavik op"]
[Site "Reykjavik"]
[Date "2024.03.16"]
[Round "3"]
[White "Ivanchuk, Vassily"]
[Black "Stelmaszyk, Nico"]
[Result "1-0"]
[WhiteElo "2625"]
[BlackElo "2347"]
[PlyCount "157"]
[EventDate "2024.03.15"]
[EventType "swiss"]
[EventRounds "9"]
[EventCountry "ISL"]
[SourceTitle "CB13_2024"]
[SourceDate "2024.03.27"]
[SourceVersion "1"]
[SourceVersionDate "2024.03.27"]
[SourceQuality "1"]

1. d4 d5 2. c4 dxc4 3. e4 b5 4. a4 c6 5. Nc3 b4 6. Na2 e6 7. Bxc4 Nf6 8. f3 c5 9. Ne2 Be7 10. Be3 Ba6 11. Bb5+ Bxb5 12. axb5 Qb6 13. dxc5 Qxb5 14. Nd4 Qa5 15. Nc3 Qxc5 16. Ncb5 Qb6 17. Rc1 0-0 18. Nc7 Nbd7 19. Nxa8 Rxa8 20. Rc6 Qb7 21. Rc2 Bc5 22. Qe2 Qb6 23. Rd2 a5 24. Kf2 a4 25. Rc1 h6 26. Nc2 a3 27. bxa3 bxa3 28. Ne1 a2 29. Ra1 Ra3 30. Bxc5 Qxc5+ 31. Kf1 Qe5 32. Rdxa2 Rxa2 33. Rxa2 Qxh2 34. Nd3 Ne5 35. Nxe5 Qxe5 36. Qb2 Qf4 37. Qd2 Qc7 38. Kg1 Qc5+ 39. Qf2 Qc1+ 40. Kh2 g6 41. g3 Kg7 42. Kg2 Qg5 43. Qd2 Qe5 44. Ra5 Qc7 45. Rb5 Nh5 46. e5 g5 47. Qd3 Qc6 48. Kh2 Qa6 49. Qe2 Qa3 50. Qf2 Qd3 51. Rb4 Kg6 52. Rb2 Ng7 53. g4 h5 54. Qc2 Qxc2+ 55. Rxc2 f6 56. exf6 Kxf6 57. Kg3 h4+ 58. Kf2 Ne8 59. Rc6 Ke5 60. Rc5+ Kf4 61. Rc4+ Ke5 62. f4+ gxf4 63. Kf3 Kf6 64. Rxf4+ Kg5 65. Re4 Kf6 66. Kg2 Kg5 67. Kf3 Kf6 68. Kf4 Ng7 69. Re5 Kg6 70. Ra5 Kh6 71. Kf3 Kg6 72. Kg2 Kf6 73. Kh3 e5 74. Kxh4 Ne6 75. Ra6 e4 76. Kg3 Ke5 77. Ra5+ Kd4 78. g5 e3 79. g6 1-0

[Event "Niedersachsen-ch"]
[Site "Verden an der Aller"]
[Date "2024.01.05"]
[Round "3"]
[White "Stelmaszyk, Nico"]
[Black "Jakobeit, David"]
[Result "1-0"]
[WhiteElo "2363"]
[BlackElo "2213"]
[PlyCount "79"]
[EventDate "2024.01.04"]
[EventType "swiss"]
[EventRounds "7"]
[EventCountry "GER"]
[SourceTitle "CB02_2024"]
[SourceDate "2024.01.10"]
[SourceVersion "1"]
[SourceVersionDate "2024.01.10"]
[SourceQuality "1"]

1. e4 c6 2. Nf3 d5 3. Nc3 dxe4 4. Nxe4 Nf6 5. Qe2 Nxe4 6. Qxe4 Nd7 7. Bc4 Nf6 8. Ne5 e6 9. Qf4 Bd6 10. d4 0-0 11. 0-0 Qc7 12. Re1 c5 13. b3 cxd4 14. Bb2 Nd7 15. Bxd4 Nxe5 16. Bxe5 Bxe5 17. Rxe5 Kh8 18. Bd3 f6 19. Qb4 Kg8 20. Rc5 Qb6 21. Rb5 Qd8 22. Rd1 f5 23. Re5 b6 24. Qe1 Qg5 25. Bc4 h5 26. Qd2 Qg6 27. Rde1 Re8 28. Qe3 Kh7 29. f3 Bd7 30. a4 Rad8 31. a5 b5 32. Bd3 a6 33. Qb6 Rc8 34. Qxa6 Bc6 35. Qb6 Qg5 36. Qe3 Qh4 37. Rxe6 Rxe6 38. Qxe6 Be4 39. Rxe4 fxe4 40. Bxe4+ 1-0

[Event "GER-ch 94th"]
[Site "Ostfildern"]
[Date "2023.08.20"]
[Round "9"]
[White "Poetsch, Hagen"]
[Black "Stelmaszyk, Nico"]
[Result "1/2-1/2"]
[WhiteElo "2484"]
[BlackElo "2337"]
[PlyCount "53"]
[EventDate "2023.08.14"]
[EventType "swiss"]
[EventRounds "9"]
[EventCountry "GER"]
[SourceTitle "CBM 215 Extra"]
[Source "ChessBase"]
[SourceDate "2023.09.30"]
[SourceVersion "1"]
[SourceVersionDate "2023.09.30"]
[SourceQuality "1"]

1. e4 c5 2. Nf3 e6 3. d4 cxd4 4. Nxd4 Nf6 5. Bd3 Nc6 6. Nxc6 bxc6 7. Bf4 d5 8. Nd2 Be7 9. 0-0 0-0 10. c4 a5 11. Qe2 Qb6 12. Bg5 Re8 13. e5 Nd7 14. Bxe7 Rxe7 15. Nf3 Ba6 16. Rfc1 Nf8 17. Rc2 Rb7 18. Rac1 a4 19. cxd5 Bxd3 20. Qxd3 cxd5 21. Nd4 h6 22. b3 axb3 23. axb3 Rbb8 24. Nc6 Rb7 25. Nd4 Rbb8 26. Nc6 Rb7 27. Nd4 1/2-1/2

[Event "GER-ch 94th"]
[Site "Ostfildern"]
[Date "2023.08.15"]
[Round "2"]
[White "Stelmaszyk, Nico"]
[Black "Deuer, Marius"]
[Result "1/2-1/2"]
[WhiteElo "2337"]
[BlackElo "2440"]
[PlyCount "103"]
[EventDate "2023.08.14"]
[EventType "swiss"]
[EventRounds "9"]
[EventCountry "GER"]
[SourceTitle "CBM 215 Extra"]
[Source "ChessBase"]
[SourceDate "2023.09.30"]
[SourceVersion "1"]
[SourceVersionDate "2023.09.30"]
[SourceQuality "1"]

1. e4 c6 2. Nf3 d5 3. d3 dxe4 4. dxe4 Qxd1+ 5. Kxd1 Nd7 6. Nbd2 Nc5 7. Ne5 Nf6 8. f3 Nfd7 9. Nd3 g6 10. Nc4 Bg7 11. a4 Nxa4 12. Rxa4 b5 13. Ra2 bxc4 14. Nb4 Nb6 15. Be3 Bb7 16. c3 0-0 17. Na6 Be5 18. Kc2 Bd6 19. Be2 f5 20. Nc5 Bc8 21. h3 fxe4 22. fxe4 Bf4 23. Bxf4 Rxf4 24. Kd2 h5 25. Ke3 e5 26. Rha1 Rb8 27. Rxa7 Rf7 28. Rxf7 Kxf7 29. Ra7+ Kf6 30. Rc7 Kg5 31. Rxc6 h4 32. Bf1 Kh6 33. Be2 Kg5 34. Rd6 Kh6 35. Rd8 Ra8 36. Bg4 Bxg4 37. Rxa8 Nxa8 38. hxg4 Nb6 39. Ke2 Kg5 40. Kf3 Kf6 41. b4 cxb3 42. Nxb3 Nc4 43. Nc5 Kg5 44. Ne6+ Kf6 45. Nf8 Kg5 46. Nh7+ Kh6 47. Nf6 Kg5 48. Nd5 Nd2+ 49. Ke3 Nc4+ 50. Kf3 Nd2+ 51. Ke3 Nc4+ 52. Kf3 1/2-1/2

[Event "Pardubice Czech op-A 34th"]
[Site "Pardubice"]
[Date "2023.07.24"]
[Round "4"]
[White "Panek, Bartosz"]
[Black "Stelmaszyk, Nico"]
[Result "1-0"]
[WhiteElo "2188"]
[BlackElo "2380"]
[PlyCount "77"]
[EventDate "2023.07.21"]
[EventType "swiss"]
[EventRounds "9"]
[EventCountry "CZE"]
[SourceTitle "CBM 215 Extra"]
[Source "ChessBase"]
[SourceDate "2023.09.30"]
[SourceVersion "1"]
[SourceVersionDate "2023.09.30"]
[SourceQuality "1"]

1. e4 c5 2. Nf3 e6 3. c3 d5 4. e5 d4 5. b4 cxb4 6. a3 dxc3 7. axb4 Bxb4 8. Qa4+ Nc6 9. dxc3 Bc5 10. Qg4 Kf8 11. Nbd2 Qc7 12. Qh5 g6 13. Qg5 h6 14. Qf4 f5 15. Be2 g5 16. Qc4 Nxe5 17. Nxe5 Qxe5 18. Nb3 Bd6 19. Be3 Rh7 20. Bd4 Qe4 21. Rxa7 Qb1+ 22. Bd1 Rc7 23. Qxc7 Bxc7 24. Rxa8 Ne7 25. 0-0 Qd3 26. Nc5 Qb5 27. Nxe6+ Kf7 28. Nxc7 Qc4 29. Bh5+ Kf8 30. Ne8 Qc6 31. Re1 b6 32. Ra7 Bb7 33. Bf3 Nd5 34. Bg7+ Kg8 35. Bxd5+ Qxd5 36. Nf6+ Kxg7 37. Nxd5 Kh8 38. Rxb7 b5 39. Re8# 1-0

[Event "Titled Tuesday intern op 21st Mar Early"]
[Site "Chess.com INT"]
[Date "2023.03.21"]
[Round "3"]
[White "Hamitevici, Vladimir"]
[Black "Stelmaszyk, Nico"]
[Result "1-0"]
[WhiteElo "2496"]
[BlackElo "2387"]
[PlyCount "223"]
[EventDate "2023.03.21"]
[EventType "swiss (blitz)"]
[EventRounds "11"]
[EventCountry "USA"]
[SourceTitle "EXT 2024"]
[Source "ChessBase"]
[SourceDate "2023.10.10"]
[SourceVersion "1"]
[SourceVersionDate "2023.10.10"]
[SourceQuality "1"]

1. a3 a6 2. c4 c5 3. Nc3 Nc6 4. g3 g6 5. Bg2 Bg7 6. d3 d6 7. Bd2 Bd7 8. b4 Nf6 9. Rb1 cxb4 10. axb4 b5 11. cxb5 axb5 12. Nxb5 Rb8 13. Na3 0-0 14. b5 Nd4 15. Qa4 Ne6 16. d4 Qb6 17. e3 Nc7 18. Ba5 Qa7 19. Ne2 Bxb5 20. Nxb5 Rxb5 21. Rxb5 Nxb5 22. Qxb5 Rb8 23. Qa4 Rb1+ 24. Kd2 Rb2+ 25. Kd1 Qa6 26. Nc1 Rxf2 27. Bc6 Ng4 28. Re1 Rf1 29. Bb5 Rxe1+ 30. Kxe1 Qa8 31. Bc6 Qc8 32. Bd2 Nxh2 33. Qa8 Qxa8 34. Bxa8 h5 35. Nd3 Bh6 36. Nf4 Ng4 37. Ke2 Kg7 38. Bf3 Nf6 39. Bc3 Bg5 40. Nh3 Kh6 41. Nxg5 Kxg5 42. e4 Kh6 43. e5 dxe5 44. dxe5 Nd7 45. Kd3 e6 46. Kd4 Kg7 47. Bc6 Nf8 48. Bb4 Nh7 49. Be7 g5 50. Be8 h4 51. gxh4 gxh4 52. Bxh4 f6 53. Bd7 Kf7 54. Bc8 fxe5+ 55. Kxe5 Nf8 56. Ke4 Ng6 57. Kf3 Kg7 58. Bg3 Kf7 59. Kg2 Kf6 60. Ba6 Kf5 61. Bc4 Kf6 62. Bd3 Kg5 63. Kf3 Kf6 64. Bf2 Kg5 65. Ke2 Kf6 66. Bc2 Kg5 67. Be3+ Kf6 68. Kd3 Kf7 69. Ke4 Kf6 70. Bd4+ Kf7 71. Bb3 Ke7 72. Be3 Kf7 73. Kf3 Kf6 74. Kg4 Ne5+ 75. Kf4 Ng6+ 76. Ke4 Kf7 77. Bg5 Nf8 78. Bh4 Ng6 79. Be1 Kf6 80. Bc3+ Kf7 81. Kf3 Ne7 82. Bb2 Nd5 83. Ke4 Ne7 84. Ke5 Ng6+ 85. Kd6 Nf8 86. Bc3 Ke8 87. Bg7 Kf7 88. Bh6 Ke8 89. Bd1 Kf7 90. Bh5+ Ng6 91. Bg5 Kg7 92. Kxe6 Nf8+ 93. Kf5 Nh7 94. Be7 Nf8 95. Be8 Nh7 96. Bd7 Kf7 97. Bd6 Nf8 98. Bc6 Kg7 99. Bd5 Nh7 100. Be5+ Kh6 101. Be6 Nf8 102. Bf7 Nh7 103. Be8 Nf8 104. Kf6 Nh7+ 105. Ke6 Ng5+ 106. Kf5 Nh7 107. Bg6 Nf8 108. Bf7 Nh7 109. Bh8 Nf8 110. Bc3 Nh7 111. Bb4 Nf8 112. Bxf8+ 1-0

[Event "Titled Tuesday intern op 21st Mar Late"]
[Site "Chess.com INT"]
[Date "2023.03.21"]
[Round "7"]
[White "Stelmaszyk, Nico"]
[Black "Martinez Reyes, Pedro Ramon"]
[Result "0-1"]
[WhiteElo "2387"]
[BlackElo "2383"]
[PlyCount "68"]
[EventDate "2023.03.21"]
[EventType "swiss (blitz)"]
[EventRounds "11"]
[EventCountry "USA"]
[SourceTitle "EXT 2024"]
[Source "ChessBase"]
[SourceDate "2023.10.10"]
[SourceVersion "1"]
[SourceVersionDate "2023.10.10"]
[SourceQuality "1"]

1. e4 c6 2. Nf3 d5 3. d3 dxe4 4. dxe4 Qxd1+ 5. Kxd1 Bg4 6. Nbd2 Bc8 7. Nb1 Bg4 8. Nbd2 Nd7 9. h3 Bxf3+ 10. Nxf3 g6 11. c3 0-0-0 12. Kc2 Bh6 13. Bc4 Bxc1 14. Raxc1 e6 15. Rcd1 h6 16. Rd2 Ne7 17. Rhd1 Kc7 18. a4 g5 19. Be2 Ng6 20. g3 Nf6 21. Rxd8 Rxd8 22. Rxd8 Kxd8 23. Nd2 h5 24. Bd3 h4 25. Nf3 hxg3 26. fxg3 g4 27. hxg4 Nxg4 28. a5 N6e5 29. Nd2 Ne3+ 30. Kb3 Nxd3 31. a6 Nc5+ 32. Kb4 Nxa6+ 33. Ka5 Nc5 34. b4 b6# 0-1

[Event "Titled Tuesday intern op 14th Mar Late"]
[Site "Chess.com INT"]
[Date "2023.03.14"]
[Round "2"]
[White "Nazari, Arad"]
[Black "Stelmaszyk, Nico"]
[Result "1-0"]
[WhiteElo "2366"]
[BlackElo "2387"]
[PlyCount "59"]
[EventDate "2023.03.14"]
[EventType "swiss (blitz)"]
[EventRounds "11"]
[EventCountry "USA"]
[SourceTitle "EXT 2024"]
[Source "ChessBase"]
[SourceDate "2023.10.10"]
[SourceVersion "1"]
[SourceVersionDate "2023.10.10"]
[SourceQuality "1"]

1. e4 c5 2. Nf3 Nc6 3. Bb5 g6 4. Bxc6 dxc6 5. d3 Bg7 6. h3 e5 7. Be3 Nf6 8. Bxc5 Nd7 9. Be3 0-0 10. Qd2 c5 11. Bh6 Qb6 12. Bxg7 Kxg7 13. b3 Qe6 14. Nc3 b6 15. Ng5 Qd6 16. h4 h6 17. Nf3 Bb7 18. h5 g5 19. Ne2 Nf6 20. Ng3 Kh7 21. Nf5 Qe6 22. Nxh6 Kxh6 23. Nxg5 Qg4 24. Nxf7+ Kg7 25. Nxe5 Qxg2 26. 0-0-0 Kh7 27. Rdg1 Nxe4 28. dxe4 Qxe4 29. Qd7+ Rf7 30. Qxf7+ 1-0

[Event "Titled Tuesday intern op 14th Mar Late"]
[Site "Chess.com INT"]
[Date "2023.03.14"]
[Round "4"]
[White "Stelmaszyk, Nico"]
[Black "Diaz Rosas, Julio Cesar"]
[Result "1-0"]
[WhiteElo "2387"]
[BlackElo "2327"]
[PlyCount "121"]
[EventDate "2023.03.14"]
[EventType "swiss (blitz)"]
[EventRounds "11"]
[EventCountry "USA"]
[SourceTitle "EXT 2024"]
[Source "ChessBase"]
[SourceDate "2023.10.10"]
[SourceVersion "1"]
[SourceVersionDate "2023.10.10"]
[SourceQuality "1"]

1. e4 c6 2. Nf3 d5 3. d3 Bg4 4. h3 Bh5 5. Nc3 e6 6. g4 Bg6 7. a3 Nf6 8. e5 Nfd7 9. Bg2 c5 10. 0-0 Nc6 11. Qe2 Be7 12. Bf4 0-0 13. Rad1 a6 14. Bg3 b5 15. Nh2 Bh4 16. Bxh4 Qxh4 17. f3 h6 18. f4 Nd4 19. Qf2 Qxf2+ 20. Rxf2 Bh7 21. Nf3 Nxf3+ 22. Bxf3 b4 23. axb4 cxb4 24. Na4 Rfc8 25. b3 Rc7 26. Ra1 Rac8 27. Bd1 f6 28. exf6 gxf6 29. Kf1 Kf7 30. Ke1 Ke7 31. Kd2 e5 32. f5 Kd6 33. Nb2 Nb8 34. Ra4 Rb7 35. Rg2 Bg8 36. h4 Bf7 37. g5 hxg5 38. hxg5 fxg5 39. Rxg5 Rh8 40. Rg4 Rh2+ 41. Kc1 d4 42. Bf3 Rb6 43. Rg7 Ke7 44. Nc4 Rf6 45. Nxe5 Rxf5 46. Rxf7+ Rxf7 47. Nxf7 Kxf7 48. Rxb4 Nd7 49. Rxd4 Ne5 50. Be4 Ke6 51. Ra4 Kd6 52. Rxa6+ Kc5 53. Kb2 Kd4 54. Ra4+ Ke3 55. b4 Kd2 56. b5 Nd7 57. Bc6 Nc5 58. Rc4 Ne6 59. b6 Rh8 60. Bd5 Ng5 61. b7 1-0

[Event "Titled Tuesday intern op 14th Mar Late"]
[Site "Chess.com INT"]
[Date "2023.03.14"]
[Round "7"]
[White "Stelmaszyk, Nico"]
[Black "Tabak, Stefan"]
[Result "0-1"]
[WhiteElo "2387"]
[BlackElo "2148"]
[PlyCount "116"]
[EventDate "2023.03.14"]
[EventType "swiss (blitz)"]
[EventRounds "11"]
[EventCountry "USA"]
[SourceTitle "EXT 2024"]
[Source "ChessBase"]
[SourceDate "2023.10.10"]
[SourceVersion "1"]
[SourceVersionDate "2023.10.10"]
[SourceQuality "1"]

1. e4 c5 2. c3 Nf6 3. e5 Nd5 4. Nf3 Nc6 5. Bc4 Nb6 6. Bb3 d6 7. exd6 Qxd6 8. Na3 a6 9. 0-0 Bf5 10. Bxf7+ Kxf7 11. Qb3+ Nd5 12. Nc4 Qd8 13. Qxb7 Rc8 14. d4 Qc7 15. Qxc6 Qxc6 16. Nce5+ Ke8 17. Nxc6 Rxc6 18. c4 Nb4 19. d5 Rc8 20. Be3 Bd3 21. Rfc1 Nc2 22. Ne5 Bf5 23. g4 Be4 24. f3 Nxe3 25. fxe4 g6 26. h3 Bg7 27. Nd3 Bd4 28. Kh2 Rf8 29. Re1 Nc2 30. Rad1 Nxe1 31. Rxe1 Rb8 32. b3 a5 33. e5 Rf3 34. Nc1 Rf2+ 35. Kg3 Rb2 36. e6 Bf6 37. h4 h6 38. Nd3 Rxa2 39. Nxc5 a4 40. bxa4 Rbb2 41. Ne4 Rg2+ 42. Kf3 Bxh4 43. Rh1 g5 44. c5 Rgb2 45. Ke3 Rxa4 46. Nc3 Ra3 47. Kd3 Rbb3 48. Rc1 Be1 49. Ke4 Bxc3 50. d6 Rb4+ 51. Kf5 Rf4+ 52. Kg6 Rf6+ 53. Kh7 Rxe6 54. dxe7 Kxe7 55. c6 Be5 56. c7 Bxc7 57. Rxc7+ Kf6 58. Kxh6 Rh3# 0-1

[Event "Niedersachsen-ch"]
[Site "Verden"]
[Date "2023.01.07"]
[Round "5"]
[White "Von Estorff, Jacob"]
[Black "Stelmaszyk, Nico"]
[Result "0-1"]
[WhiteElo "2151"]
[BlackElo "2368"]
[PlyCount "96"]
[EventDate "2023.01.05"]
[EventType "swiss"]
[EventRounds "7"]
[EventCountry "GER"]
[SourceTitle "CBM 212 Extra"]
[Source "ChessBase"]
[SourceDate "2023.03.31"]
[SourceVersion "1"]
[SourceVersionDate "2023.03.31"]
[SourceQuality "1"]

1. e4 c5 2. Nf3 Nc6 3. Nc3 e6 4. d4 cxd4 5. Nxd4 Nf6 6. Bg5 Bb4 7. Nxc6 bxc6 8. e5 Qa5 9. Qd4 Ne4 10. Bd2 Nxd2 11. Kxd2 0-0 12. Bd3 d5 13. exd6 Rd8 14. Qh4 g6 15. Rhd1 Rxd6 16. Ke2 Bxc3 17. bxc3 Qxc3 18. Rab1 Kg7 19. Kf1 e5 20. Qe7 Re6 21. Qb4 Qxb4 22. Rxb4 Rd6 23. Rdb1 Be6 24. Ra4 Rd4 25. Ra6 e4 26. Be2 Rc4 27. Rb2 Rc5 28. Ra4 f5 29. f3 exf3 30. Bxf3 Kf6 31. Ke1 a5 32. Kd2 Bd5 33. Bxd5 Rxd5+ 34. Kc3 Re8 35. Rb6 Re3+ 36. Kc4 Re4+ 37. Kb3 Rc5 38. Rxe4 fxe4 39. c4 e3 40. Kc3 Re5 41. Rb1 e2 42. Re1 Re4 43. Kd3 Ke5 44. g3 a4 45. a3 g5 46. h4 gxh4 47. gxh4 h5 48. Rxe2 Rxe2 0-1

[Event "GER-chT U20"]
[Site "Muenster"]
[Date "2022.12.28"]
[Round "3"]
[White "Stelmaszyk, Nico"]
[Black "Engel, Luis"]
[Result "1/2-1/2"]
[WhiteElo "2368"]
[BlackElo "2555"]
[PlyCount "107"]
[EventDate "2022.12.26"]
[EventType "team-swiss"]
[EventRounds "7"]
[EventCountry "GER"]
[SourceTitle "CBM 212 Extra"]
[Source "ChessBase"]
[SourceDate "2023.03.31"]
[SourceVersion "1"]
[SourceVersionDate "2023.03.31"]
[SourceQuality "1"]
[WhiteTeam "Lehrte"]
[BlackTeam "Hamburger SK"]
[WhiteTeamCountry "GER"]
[BlackTeamCountry "GER"]

1. e4 d6 2. d4 Nf6 3. Nc3 e5 4. Nf3 Nbd7 5. Bc4 Be7 6. 0-0 0-0 7. Re1 c6 8. h3 b5 9. Bf1 Bb7 10. b3 Re8 11. Bb2 Bf8 12. dxe5 dxe5 13. a4 a6 14. axb5 axb5 15. Rxa8 Bxa8 16. Qe2 Bc5 17. Na2 Qc7 18. Nc1 Bd6 19. Nd2 Nf8 20. c4 b4 21. Nd3 N6d7 22. g3 Ne6 23. Bg2 Bb7 24. Ra1 Rd8 25. Nf3 Ndc5 26. Nxc5 Nxc5 27. Qc2 f6 28. Ne1 Be7 29. Bc1 Ne6 30. Be3 Bc5 31. Bxc5 Nxc5 32. Rd1 Rd6 33. Rxd6 Qxd6 34. Nf3 Kf7 35. Qd2 Nxe4 36. Qc2 f5 37. Nh4 g6 38. Bxe4 fxe4 39. Qxe4 Bc8 40. Nf3 Kf6 41. Qh4+ Kg7 42. Qe4 Bf5 43. Qe3 Bxh3 44. Qxe5+ Qf6 45. Qc7+ Kh6 46. Ne5 Be6 47. Nxc6 Qf3 48. Qd6 Qe2 49. Qf4+ g5 50. Qe5 Qd1+ 51. Kh2 Qh5+ 52. Kg1 Qd1+ 53. Kh2 Qh5+ 54. Kg1 1/2-1/2

[Event "GER-chT U20"]
[Site "Muenster"]
[Date "2022.12.27"]
[Round "2"]
[White "Lohr, Maximilian"]
[Black "Stelmaszyk, Nico"]
[Result "0-1"]
[WhiteElo "2133"]
[BlackElo "2368"]
[PlyCount "60"]
[EventDate "2022.12.26"]
[EventType "team-swiss"]
[EventRounds "7"]
[EventCountry "GER"]
[SourceTitle "CBM 212 Extra"]
[Source "ChessBase"]
[SourceDate "2023.03.31"]
[SourceVersion "1"]
[SourceVersionDate "2023.03.31"]
[SourceQuality "1"]
[WhiteTeam "Ergolding"]
[BlackTeam "Lehrte"]
[WhiteTeamCountry "GER"]
[BlackTeamCountry "GER"]

1. e4 c5 2. Nf3 e6 3. b3 b6 4. Bb2 Bb7 5. Qe2 Nc6 6. Nc3 Nf6 7. 0-0-0 Nd4 8. Qd3 Ng4 9. Nxd4 Nxf2 10. Qf3 Nxd1 11. Nxe6 fxe6 12. Nxd1 Qe7 13. Nc3 0-0-0 14. Qg3 d6 15. Bd3 a6 16. Rf1 Kb8 17. Nd1 Ka7 18. Ne3 Rd7 19. c4 e5 20. Nf5 Qe8 21. Qe3 g6 22. Nh4 Rf7 23. Nf3 h5 24. h4 Bh6 25. Qe1 Rhf8 26. Kb1 Qe6 27. Bc2 Qg4 28. Rg1 Bf4 29. d3 Bg3 30. Qd2 Bxh4 0-1

[Event "GER-chT Lands U20"]
[Site "Wiesbaden"]
[Date "2022.10.04"]
[Round "7.3"]
[White "Bornholdt, Joa Max"]
[Black "Stelmaszyk, Nico"]
[Result "1/2-1/2"]
[WhiteElo "2196"]
[BlackElo "2355"]
[PlyCount "44"]
[EventDate "2022.09.30"]
[EventType "team-swiss"]
[EventRounds "7"]
[EventCountry "GER"]
[SourceTitle "CBM 210 Extra"]
[Source "ChessBase"]
[SourceDate "2022.11.30"]
[SourceVersion "1"]
[SourceVersionDate "2022.11.30"]
[SourceQuality "1"]
[WhiteTeam "Schleswig Holstein U20"]
[BlackTeam "Niedersachsen U20"]
[WhiteTeamCountry "GER"]
[BlackTeamCountry "GER"]

1. d4 d5 2. c4 e6 3. Nc3 c5 4. cxd5 exd5 5. Nf3 Nf6 6. g3 Nc6 7. Bg2 cxd4 8. Nxd4 Bc5 9. Nb3 Bb6 10. 0-0 d4 11. Na4 0-0 12. Bg5 Be6 13. Nbc5 Bxc5 14. Nxc5 Qb6 15. Rc1 Qxb2 16. Bxf6 gxf6 17. Nxe6 fxe6 18. Rb1 Qxa2 19. Rxb7 Ne5 20. Qxd4 Qxe2 21. Qh4 h5 22. Qb4 Rae8 1/2-1/2

[Event "GER-chT Lands U20"]
[Site "Wiesbaden"]
[Date "2022.10.03"]
[Round "5.2"]
[White "Stelmaszyk, Nico"]
[Black "Lutsko, Artem"]
[Result "1/2-1/2"]
[WhiteElo "2355"]
[BlackElo "2431"]
[PlyCount "58"]
[EventDate "2022.09.30"]
[EventType "team-swiss"]
[EventRounds "7"]
[EventCountry "GER"]
[SourceTitle "CBM 210 Extra"]
[Source "ChessBase"]
[SourceDate "2022.11.30"]
[SourceVersion "1"]
[SourceVersionDate "2022.11.30"]
[SourceQuality "1"]
[WhiteTeam "Niedersachsen U20"]
[BlackTeam "Bayern U20"]
[WhiteTeamCountry "GER"]
[BlackTeamCountry "GER"]

1. e4 c5 2. c3 Nf6 3. e5 Nd5 4. Bc4 e6 5. Nf3 d6 6. d4 cxd4 7. cxd4 Be7 8. 0-0 0-0 9. Qe2 Bd7 10. Rd1 Bc6 11. Bxd5 Bxd5 12. Nc3 Bc6 13. d5 exd5 14. Nxd5 Nd7 15. Bf4 dxe5 16. Nxe5 Nxe5 17. Qxe5 Bxd5 18. Rxd5 Qe8 19. Qc7 Bf6 20. Qxb7 Qe4 21. g3 Bxb2 22. Rad1 Rad8 23. Qb3 Rxd5 24. Qxd5 Qa4 25. Qb3 Qxb3 26. axb3 Ra8 27. Rd7 f6 28. Be3 a5 29. Kf1 a4 1/2-1/2

[Event "Lehrte Comitec"]
[Site "Lehrte"]
[Date "2022.08.18"]
[Round "7"]
[White "Hector, Jonny"]
[Black "Stelmaszyk, Nico"]
[Result "0-1"]
[WhiteElo "2463"]
[BlackElo "2268"]
[PlyCount "82"]
[EventDate "2022.08.14"]
[EventType "tourn"]
[EventRounds "9"]
[EventCountry "GER"]
[EventCategory "3"]
[SourceTitle "EXT 2024"]
[Source "ChessBase"]
[SourceDate "2023.10.10"]
[SourceVersion "1"]
[SourceVersionDate "2023.10.10"]
[SourceQuality "1"]

1. e4 c5 2. Nf3 e6 3. d4 cxd4 4. Nxd4 Nf6 5. Nc3 Nc6 6. Nxc6 bxc6 7. e5 Nd5 8. Ne4 Qc7 9. f4 f5 10. Nf2 Qb6 11. Qf3 Nb4 12. Kd1 Bb7 13. a3 c5 14. Qh5+ g6 15. Qe2 Nc6 16. Qb5 Qc7 17. Bd2 Rb8 18. Bc3 a6 19. Qc4 Ne7 20. h4 Nd5 21. Rh3 h5 22. Bd2 Be7 23. Qe2 Kf7 24. c4 Nb6 25. Kc2 Nc8 26. Bc3 Na7 27. Rd1 Rhd8 28. Rd6 Bxd6 29. exd6 Qxd6 30. Be5 Qe7 31. Bxb8 Rxb8 32. Kc1 Nc6 33. Qd1 Nd4 34. Be2 Qf6 35. Re3 Bxg2 36. Nd3 d6 37. Qa4 Be4 38. Bd1 Bxd3 39. Rxd3 Ne2+ 40. Kd2 Rxb2+ 41. Ke3 Nd4 0-1

[Event "Lehrte Comitec"]
[Site "Lehrte"]
[Date "2022.08.18"]
[Round "6"]
[White "Stelmaszyk, Nico"]
[Black "Lanka, Zigurds"]
[Result "1/2-1/2"]
[WhiteElo "2268"]
[BlackElo "2399"]
[PlyCount "32"]
[EventDate "2022.08.14"]
[EventType "tourn"]
[EventRounds "9"]
[EventCountry "GER"]
[EventCategory "3"]
[SourceTitle "EXT 2024"]
[Source "ChessBase"]
[SourceDate "2023.10.10"]
[SourceVersion "1"]
[SourceVersionDate "2023.10.10"]
[SourceQuality "1"]

1. e4 c5 2. c3 d5 3. exd5 Qxd5 4. d4 e6 5. Nf3 a6 6. Be2 cxd4 7. cxd4 Nc6 8. Nc3 Qd8 9. 0-0 Nf6 10. Bg5 Be7 11. Rc1 0-0 12. Bd3 b5 13. Ne4 Nxe4 14. Bxe4 Bxg5 15. Nxg5 Qxg5 16. Bxc6 Ra7 1/2-1/2

[Event "Lehrte Comitec"]
[Site "Lehrte"]
[Date "2022.08.16"]
[Round "4"]
[White "Stelmaszyk, Nico"]
[Black "Kopylov, Michael"]
[Result "1/2-1/2"]
[WhiteElo "2268"]
[BlackElo "2365"]
[PlyCount "191"]
[EventDate "2022.08.14"]
[EventType "tourn"]
[EventRounds "9"]
[EventCountry "GER"]
[EventCategory "3"]
[SourceTitle "EXT 2024"]
[Source "ChessBase"]
[SourceDate "2023.10.10"]
[SourceVersion "1"]
[SourceVersionDate "2023.10.10"]
[SourceQuality "1"]

1. e4 c5 2. c3 e5 3. Nf3 Nc6 4. Bc4 Nf6 5. Ng5 d5 6. exd5 Nxd5 7. Qh5 g6 8. Qf3 Qxg5 9. Bxd5 Nd8 10. 0-0 Qe7 11. Re1 Be6 12. Na3 Bg7 13. Nc4 Qc7 14. d4 cxd4 15. cxd4 e4 16. Rxe4 0-0 17. Bxe6 Nxe6 18. d5 Nd4 19. Qd3 Rac8 20. Ne3 Qc5 21. b4 Qc3 22. Qxc3 Ne2+ 23. Kf1 Nxc3 24. Rc4 Rxc4 25. Nxc4 Nxd5 26. Rb1 Rc8 27. Nd6 Rc2 28. Bg5 h6 29. Be3 b6 30. a4 Ra2 31. a5 Bf8 32. Nb7 Be7 33. Rb3 Ra4 34. b5 bxa5 35. Bxa7 Ra1+ 36. Ke2 a4 37. Bd4 Rc1 38. Rb2 a3 39. Ra2 Rb1 40. b6 Nxb6 41. Kd2 Nd5 42. Na5 Bb4+ 43. Kc2 Rg1 44. Nc4 Be7 45. Kd2 Rxg2 46. Nxa3 Bf6 47. Bc5 Be7 48. Bd4 Nb4 49. Ra1 Bf6 50. Bxf6 Rxf2+ 51. Ke3 Rxf6 52. Rd1 Rc6 53. Nb5 Rc5 54. Rd8+ Kg7 55. Nd6 Nc6 56. Rc8 Re5+ 57. Kf2 Ne7 58. Ne8+ Kf8 59. Ra8 f5 60. Nd6+ Kg7 61. Ne8+ Kf7 62. Nd6+ Kf6 63. Rf8+ Ke6 64. Nf7 Re4 65. Nxh6 Rh4 66. Nf7 Rxh2+ 67. Kg3 Ra2 68. Ng5+ Kd7 69. Kf4 Re2 70. Ra8 Nd5+ 71. Kf3 Re3+ 72. Kf2 Rb3 73. Nf3 Nf4 74. Ra4 Nd3+ 75. Ke2 Ke7 76. Ra7+ Kf6 77. Ra6+ Kg7 78. Ra7+ Kh6 79. Ra8 Kh5 80. Rh8+ Kg4 81. Nh2+ Kg3 82. Nf1+ Kf4 83. Nd2 Ra3 84. Nc4 Rc3 85. Kd2 Rb3 86. Kc2 Nc5 87. Rc8 Rb5 88. Na3 Ra5 89. Nc4 Ra2+ 90. Kb1 Re2 91. Rxc5 g5 92. Kc1 g4 93. Kd1 Re7 94. Nd6 Re5 95. Rxe5 Kxe5 96. Nxf5 1/2-1/2